Normal view
MARC view
- Kandasamy P.; Thilgavathy K. & Gunavathy K
Entry Personal Name
001 - CONTROL NUMBER
- control field: 203952
003 - CONTROL NUMBER IDENTIFIER
- control field: OSt
005 - DATE AND TIME OF LATEST TRANSACTION
- control field: 20230719125613.0
008 - FIXED-LENGTH DATA ELEMENTS
- fixed length control field: 230719|| aca||aabn | a|a d
040 ## - CATALOGING SOURCE
- Original cataloging agency: OSt
- Transcribing agency: OSt
100 ## - HEADING--PERSONAL NAME
- Personal name: Kandasamy P.; Thilgavathy K. & Gunavathy K
670 ## - SOURCE DATA FOUND
- Source citation: Work cat.: (OSt)354747: Kandasamy P. 155485, Engineering Mathematics, 2014